Negrura / (Registro nro. 13461)

Detalles MARC
000 -LIDER
fixed length control field 00797nam a22002537a 4500
003 - IDENTIFICACDOR DE NÚMERO DE CONTROL
control field DO-SdBNP
005 - DATE AND TIME OF LATEST TRANSACTION
control field 20210601134342.0
008 - ELEMENTOS DE LONGITUD FIJA
fixed length control field 210507b2018 dr |||| 00| 0 spa d
020 ## - ISBN
International Standard Book Number 9789945503296
040 ## - FUENTE DE CATALOGACIÓN
Agencia que crea de manera original el registro BPMSU
Idioma de catalogación spa
Agencia que realiza la transcripción BPMSU
082 ## - NÚMERO DE CLASIFICACIÓN DECIMAL DE DEWEY
Classification number 861.5
Item number L879n 2018
Edition number 22
100 1# - ASIENTO PRINCIPAL -- NOMBRE PERSONAL
Nombre personal Losada, Jesús
Fechas asociadas con el nombre 1962 -
245 10 - MENCIÓN DE TITULO
Título Negrura /
Mención de responsabilidad Josús Losada.
260 ## - PUBLICACIÓN, DISTRIBUCIÓN, ETC. (PIE DE IMPRENTA)
Lugar de publicación, distribución, etc Santo Domingo :
Nombre del editor, distribuidor, etc. Editora Nacional ;
-- Ministerio de Cultura,
Fecha de publicación, distribución, etc 2018
300 ## - DESCRIPCIÓN FÍSICA
Extensión 81 p. ;
Dimensiones 20 cm.
490 0# - MENCIÓN DE SERIES
Mención de serie Puentes ;
-- Poesía
500 ## - NOTA GENERAL
Nota general Incluyes datos Biográficos del autor en la solapa de la cubierta
590 ## - NOTA LOCAL
Texto de la nota local Inventariado, 2021/ Mc.
650 #4 - ENCABEZAMIENTO DE MATERIA--TEMÁTICO
Término temático o nombre geográfico como elemento de entrada Poesía española
650 #4 - ENCABEZAMIENTO DE MATERIA--TEMÁTICO
Término temático o nombre geográfico como elemento de entrada Literatura española
710 2# - ASIENTO SECUNDARIO -- NOMBRE CORPORATIVO
Nombre corporativo o de jurisdicción Ministerio de Cultura (República Dominicana)
910 ## - VALIDACIÓN
Validación Mcabrera /VMateo
942 ## - ADDED ENTRY ELEMENTS (KOHA)
Source of classification or shelving scheme Dewey Decimal Classification
Koha item type Libros
Existencias
Withdrawn status Lost status Source of classification or shelving scheme Damaged status Not for loan Collection code Home library Current library Date acquired Source of acquisition Total Checkouts Full call number Barcode Date last seen Price effective from Koha item type Copy number
    Dewey Decimal Classification     Colección Dominicana Biblioteca Pública Metropolitana Salomé Ureña Biblioteca Pública Metropolitana Salomé Ureña 05/17/2021 Editora Nacional   BPMSU CD 861.5 L879n 2018 BPMSU21050098 05/17/2021 05/17/2021 Libros  
    Dewey Decimal Classification     Colección Dominicana Biblioteca Pública Metropolitana Salomé Ureña Biblioteca Pública Metropolitana Salomé Ureña 05/17/2021 Editora Nacional   BPMSU CD 861.5 L879n 2018 BPMSU21050099 05/17/2021 05/17/2021 Libros e.2
    Dewey Decimal Classification     Colección Dominicana Biblioteca Pública Metropolitana Salomé Ureña Biblioteca Pública Metropolitana Salomé Ureña 05/17/2021 Editora Nacional   BPMSU CD 861.5 L879n 2018 BPMSU21050100 05/17/2021 05/17/2021 Libros e.3